=LDR 00000nam 2200000 4500 =001 INLIS000000000032577 =005 20130612134558 =008 ***********************************ind** =035 ##$$0010-061300000032577 =041 ##$$a ind =082 ##$$a 028.5 =090 ##$$a 028.5, Abq m =100 ##$$a Abqari, Ridwan =245 ##$$a Maria Al-Qibtiniyah, Bunda yang santun, Ridwan Abqari; Penyunting, Dadan Ramadhan =260 ##$$a 2009 $b Bandung =300 ##$$a 117 hlm., Ilus.c19 =650 ##$$a Bacaan Kanak-kanak =700 ##$$a Ramadhan,Dadan =850 ##$$a NBPNMAT =990 ##$$a 0001/BPAP-NTB/20142014 =990 ##$$a 0001/BPAP-NTB/20142015 =990 ##$$a 12871287 =990 ##$$a 21002101 =990 ##$$a 0001/BPAP-NTB/20142014 =990 ##$$a 0001/BPAP-NTB/20142015